Intelligent sensor design using the microchip dsPIC /
Intelligent seonsors are revolutionizing the world of system design in everything from sports cars to assembly lines. These new sensors have abilities that leave their predecessors in the dust! They not only measure parameters efficiently and precisely, but they also have the ability to enhance and...
| Main Author: | |
|---|---|
| Corporate Author: | |
| Format: | eBook |
| Language: | English |
| Published: |
Amsterdam ; Boston :
Elsevier/Newnes,
[2007]
|
| Series: | Embedded technology series.
|
| Subjects: | |
| Online Access: | Connect to the full text of this electronic book Connect to the full text of this electronic book |
MARC
| Tag | First Indicator | Second Indicator | Subfields |
|---|---|---|---|
| LEADER | 00000cam a2200000Ia 4500 | ||
| 001 | in00002425315 | ||
| 006 | m d | ||
| 007 | cr cn| | ||
| 008 | 070806s2007 ne a ob 001 0 eng d | ||
| 005 | 20260609193436.0 | ||
| 020 | |a 9780750677554 | ||
| 020 | |a 0750677554 | ||
| 029 | 1 | |a NZ1 |b 12083800 | |
| 035 | |a (OCoLC)162592957 | ||
| 037 | |a 102085:102102 |b Elsevier Science & Technology |n http://www.sciencedirect.com | ||
| 040 | |a OPELS |c OPELS |d UtOrBLW | ||
| 049 | |a TXAM | ||
| 050 | 1 | 4 | |a TA165 |b .H853 2007eb |
| 082 | 0 | 4 | |a 681/.2 |2 22 |
| 100 | 1 | |a Huddleston, Creed. | |
| 245 | 1 | 0 | |a Intelligent sensor design using the microchip dsPIC / |c by Creed Huddleston. |
| 264 | 1 | |a Amsterdam ; |a Boston : |b Elsevier/Newnes, |c [2007] | |
| 264 | 4 | |c ©2007 | |
| 300 | |a 1 online resource. | ||
| 336 | |a text |b txt |2 rdacontent | ||
| 337 | |a computer |b c |2 rdamedia | ||
| 338 | |a online resource |b cr |2 rdacarrier | ||
| 490 | 1 | |a Embedded technology series | |
| 520 | |a Intelligent seonsors are revolutionizing the world of system design in everything from sports cars to assembly lines. These new sensors have abilities that leave their predecessors in the dust! They not only measure parameters efficiently and precisely, but they also have the ability to enhance and interupt those measurements, thereby transformng raw data into truly useful information. Unlike many embedded systems books that confine themselves strictly to firmware and software, this book also delves into the supporting electronic hardware, providing the reader with a complete understanding of the issues involved when interfacing to specific types of sensor and offering insight into the real-world problems designers will face. Meaningful software examples are implemented in both C and assembly language, and the source code is included on the accompanying CD. The examples provide a complete, easily extensible code framework for sensor-based applications as well as basic support routines that are often ignored or treated superficially. The goal throughout is to make readers truly productive as quickly as possible while providing the thorough understanding necessary to design robust systems. Readers will gain in-depth, real-world design information that will help them be more productive and get up to speed on sensor design skills more quickly. The book provides designers and students a leg up in a relatively new design area, imparting knowledge about a new microcontroller that offers some of the functionality of a DSP chip. Quickly teaches the reader to design the new wave in sensor technology, "intelligent" sensors In-depth design techniques, real-world examples, detailed figures and usable code Application chapters thoroughly exploring temperature, pressure and load, and flow sensors A FREE CD that provides a toolkit of software models in both C and assembly language. | ||
| 505 | 0 | |a Chapter 1: What ARE Intelligent Sensors, and Why Should I Care About Them? -- Chapter 2: Intuitive Digital Signal Processing -- Chapter 3: Underneath the Hood of the dsPIC DSC -- Chapter 4: Learning to be a Good Communicator -- Chapter 5: A Basic Toolkit for the dsPIC DSC -- Chapter 6: Sensor Application: Temperature Sensor -- Chapter 7: Sensor Application: Pressure and Load Sensors -- Chapter 8: Sensor Application: Flow Sensors -- Chapter 9: Where Are We Headed? -- Appendix A: Software on the Included CD-ROM -- Appendix B: Intialization of the dsPIC DSC and the System Start-up Code -- Appendix C: Buffered, Interrupt-driven Serial I/O -- Index. | |
| 504 | |a Includes bibliographical references and index. | ||
| 500 | |a Electronic resource. | ||
| 650 | 0 | |a Detectors |x Design and construction. | |
| 650 | 0 | |a Intelligent control systems. | |
| 650 | 0 | |a Signal processing |x Digital techniques. | |
| 655 | 7 | |a Electronic books. |2 local | |
| 776 | 1 | |c Original |z 9780750677554 |z 0750677554 |w (DLC) 2006036826 |w (OCoLC)76064601 | |
| 710 | 2 | |a ScienceDirect (Online service) | |
| 830 | 0 | |a Embedded technology series. | |
| 856 | 4 | 0 | |u http://proxy.library.tamu.edu/login?url=https://www.sciencedirect.com/science/book/9780750677554 |z Connect to the full text of this electronic book |t 0 |
| 856 | 4 | 2 | |3 Publisher description |u http://www.loc.gov/catdir/enhancements/fy0703/2006036826-d.html |z Connect to the full text of this electronic book |t 0 |
| 994 | |a 92 |b TXA | ||
| 999 | |a MARS | ||
| 999 | f | f | |s a0dd5b6b-6d63-318b-ae40-46af4a5d6e5a |i 70a3a574-cf97-38b4-9a3b-6ec9828cf8aa |t 0 |
| 952 | f | f | |a Texas A&M University |b College Station |c Electronic Resources |s www_evans |d Available Online |t 0 |e TA165 .H853 2007eb |h Library of Congress classification |
| 998 | f | f | |a TA165 .H853 2007eb |t 0 |l Available Online |